Student accommodation (Record no. 77947)

MARC details
000 -LEADER
fixed length control field 01114cab a2200181 4500
001 - CONTROL NUMBER
control field ##L135583
008 - FIXED-LENGTH DATA ELEMENTS--GENERAL INFORMATION
fixed length control field 061110n 000 0 eng u
035 ## - SYSTEM CONTROL NUMBER
System control number (Sirsi) u135583
041 0# - LANGUAGE CODE
Language code of text/sound track or separate title eng
100 1# - MAIN ENTRY--PERSONAL NAME
Personal name Hillman, Phillip
245 00 - TITLE STATEMENT
Title Student accommodation
Remainder of title an asset class in its own right
490 #0 - SERIES STATEMENT
Series statement Property Forecast
Volume/sequential designation 9(10) October 2006, 6-7(2)
520 ## - SUMMARY, ETC.
Summary, etc. Looks at the prospects of the student housing property sector for investors. Describes recent major transactions in this niche market, the current yields, the size and value of the sector, leases vs direct let, demand and supply and the new specialist student funds. Sees the sector as being a niche market that should to a considerable extent be shielded from the vagaries of fluctuating economic cycles. Concludes that rental growth prospects across the sector look good with most anticipating growth at 1% to 3% in excess of RPI per annum. Table gives total UK student accommodation.
590 ## - LOCAL NOTE (RLIN)
Local note IKA141106
651 #4 - SUBJECT ADDED ENTRY--GEOGRAPHIC NAME
Geographic name United Kingdom
Chronological subdivision
690 ## - LOCAL SUBJECT ADDED ENTRY--TOPICAL TERM (OCLC, RLIN)
Topical term or geographic name as entry element PROPERTY-RESIDENTIAL PROPERTY-RESIDENTIAL PROPERTY FINANCE AND INVESTMENT
942 ## - ADDED ENTRY ELEMENTS (KOHA)
Suppress in OPAC 0

No items available.